দত্তা / (Record no. 63571)
[ view plain ]
| 000 -LEADER | |
|---|---|
| fixed length control field | 00833nam a22002297a 4500 |
| 001 - CONTROL NUMBER | |
| control field | 63571 |
| 003 - CONTROL NUMBER IDENTIFIER | |
| rucl marc code | BD-RjUL |
| 005 - DATE AND TIME OF LATEST TRANSACTION | |
| control field | 20211209081218.0 |
| 008 - FIXED-LENGTH DATA ELEMENTS--GENERAL INFORMATION | |
| fixed length control field | 170131s1988 ii ||||| |||| 00| f ben d |
| 020 ## - INTERNATIONAL STANDARD BOOK NUMBER | |
| Terms of availability | : Irs 20.00 |
| 035 ## - SYSTEM CONTROL NUMBER | |
| System control number | (BD-RjUL)63700 |
| 040 ## - CATALOGING SOURCE | |
| Original cataloging agency | BD-RjUL |
| Language of cataloging | ben |
| Transcribing agency | BD-RjUL |
| 041 ## - LANGUAGE CODE | |
| Language code of text/sound track or separate title | ben |
| 082 ## - DEWEY DECIMAL CLASSIFICATION NUMBER | |
| Classification number | 891.443 |
| Author mark and year | CHD 1988 |
| Edition number | 23 |
| 100 ## - MAIN ENTRY--PERSONAL NAME | |
| Personal name | চট্রোপাধ্যায়, শরৎ |
| 9 (RLIN) | 117972 |
| 245 10 - TITLE STATEMENT | |
| Title | দত্তা / |
| Statement of responsibility, etc. | শরৎ চট্রোপাধ্যায় |
| 260 ## - PUBLICATION, DISTRIBUTION, ETC. (IMPRINT) | |
| Place of publication, distribution, etc. | কলিকাতা : |
| Name of publisher, distributor, etc. | এম, সি, সরকার এ্যান্ড সন্স লি., |
| Date of publication, distribution, etc. | ১৯৮৮ [১৩৯৫] |
| 300 ## - PHYSICAL DESCRIPTION | |
| Pagination | ১৮০ পৃ. ; |
| Size | ২১ সেমি. |
| 650 ## - SUBJECT ADDED ENTRY--TOPICAL TERM | |
| Topical term or geographic name as entry element | Bengali fiction |
| 9 (RLIN) | 117533 |
| Topical term or geographic name as entry element | বাংলা উপন্যাস |
| 9 (RLIN) | 170454 |
| 942 ## - ADDED ENTRY ELEMENTS (KOHA) | |
| Source of classification or shelving scheme | Dewey Decimal Classification |
| Koha item type | Books |
| Lost status | Source of classification or shelving scheme | Damaged status | Not for loan | Collection code | Permanent Location | Current Location | Shelving location | Date acquired | Source of acquisition | Cost, normal purchase price | Total Checkouts | Full call number | Date last seen | Copy number | Koha item type |
|---|---|---|---|---|---|---|---|---|---|---|---|---|---|---|---|
| Dewey Decimal Classification | Not For Loan | Fiction | Central Library, University of Rajshahi | Central Library, University of Rajshahi | Reading Room | 01/01/1997 | Ankur Prokasoni, Dhaka | 20.00 | B 891.443 CHD 1988 | 31/01/2017 | C-1 | Books |